00465nam a2200193 a 4500001001300000003000900013005001700022008004100039020001000080082001400090100002000104245002500124260002500149300000900174500003500183505001000218650002300228700002000251nice12345678IN_TiNIC20260116011251.0050524s1965 lona grp 000 0 eng  ac10000a230bBLA1 aBlamires, Harry aDefence of Dogmatism aLondon bSPCK c1965 a131p aincludes index and biblioraphy2 aIndex aTheology-Doctrinal1 aBlamires, Harry